书目信息 |
| 题名: |
实验无机化学
|
|
| 作者: | 王致勇,连祥珍 编著 | |
| 分册: | ||
| 出版信息: | 清华大学出版社 1987.09 |
|
| 页数: | 219页 | |
| 开本: | 16开 | |
| 丛书名: | ||
| 单 册: | ||
| 中图分类: | O61-33 | |
| 科图分类: | ||
| 主题词: | 无机化学 | |
| 电子资源: | ||
| ISBN: | 7-5618-0383-4 | |
| 000 | 00537nam0 2200181 45 | |
| 001 | 9911301546 | |
| 005 | 19991130153709.7 | |
| 010 | @a7-5618-0383-4 | |
| 100 | @a19991130d1987 km y0chiy0120 ea | |
| 101 | @achi | |
| 105 | @a z 000yy | |
| 200 | 1 | @a实验无机化学@AShi Yan Wu Ji Hua Xue@f王致勇,连祥珍 编著@FWang Zhi Yong,Lian Xiang Zhen Bian Zhu |
| 210 | @c清华大学出版社@d1987.09 | |
| 215 | @a219页@c无图表@d16开 | |
| 606 | 0 | @a无机化学 |
| 690 | @aO61-33@v3 | |
| 801 | @aCN@bPerfectUser@c19991130 | |
| 905 | @aBZT@b23269-270@f2@dO61-33@e1 | |
| 实验无机化学/王致勇,连祥珍 编著.-清华大学出版社,1987.09 |
| 219页:无图表;16开 |
| ISBN 7-5618-0383-4: |
| ● |
| 相关链接 |
|
|
|
正题名:实验无机化学
索取号:O61-33/1
 
预约/预借
| 序号 | 登录号 | 条形码 | 馆藏地/架位号 | 状态 | 备注 |
| 1 | 23269 | 200415906 | 中心书库北库/ 北库021架A面3列2层2/ [索取号:O61-33/1] | 在馆 | |
| 2 | 23270 | 200415924 | 中心书库北库/ 北库021架A面3列2层1/ [索取号:O61-33/1] | 在馆 |